00597nam a2200169Ia 4500008004100000020001500041041000800056082001800064100002000082245009000102250000600192260003700198300001200235650002300247999001900270952013800289210716s2002 xx 000 0 und d a8177221094 aeng a005.3068 CONK aConway, Kieron. aSoftware project management: from concept to deployment.bFrom concept to deployment. a1 aNew DelhibDreamtech Pressc2002 axvi,832 aProject Management c193912d193912 001040708MCAaAIMITbAIMITeHigginbothams Pvt Ltdg499.00l0o005.3068 CONKpMCA13420r2026-05-23 00:00:00v374.25w2021-07-16yBK